000
00393nam a2200133Ia 4500
008
151001s9999||||xx |||||||||||||| ||und||
100
_a
सानेगुरुजी
245
_a
भारतीय संस्कृती
250
_a
1
260
_b
कॉन्टिनेन्टल प्रका. पुणे
260
_c
1937
300
_a
250
365
_b
21
999
_c
997468
_d
997465